Statistics for All Kirby Colors

Click here to take the quiz!

General Stats

  • This quiz has been taken 55 times
  • The average score is 7 of 19

Answer Stats

#Answer% Correct
1Pink
100%
4Green
95%
2Yellow
93%
3Red
91%
18White
73%
11Orange
70%
15Shadow
23%
14Chalk
16%
13Cherry
16%
9Grape
14%
7Ocean
14%
8Sapphire
14%
5Snow
14%
6Carbon
11%
12Chocolate
11%
17Citrus
9%
10Emerald
9%
16Ivory
7%
19Lavendar
5%

Score Distribution

Percentile by Number Answered

Percent of People with Each Score

Your Score History

You have not taken this quiz